BOTW bosses and mini bosses - Statistics

General Stats
  • This quiz has been taken 17 times
  • The average score is 9 of 15
Answer Stats
Picture Answer % Correct
Stone Talus
85%
Thunderblight Ganon
85%
Windblight Ganon
85%
Fireblight Ganon
77%
Master Kohga
77%
Waterblight Ganon
77%
Frost Talus
69%
Igneo Talus
69%
Calamity Ganon
62%
Hinox
54%
Molduga
54%
Stalnox
46%
Dark Beast Ganon
38%
Molduking
31%
Maz Koshia
23%
No matching quizzes found
Score Distribution
Percent of People with Each Score
Percentile by Number Answered
Your Score History
You have not taken this quiz